Statistics for Best Starting Fives In NBA All-Star Game History

Click here to take the quiz!

General Stats

  • This quiz has been taken 771 times
  • The average score is 19 of 35

Answer Stats

Player% Correct
Michael Jordan
96%
Kobe Bryant
90%
LeBron James
90%
Stephen Curry
86%
Shaquille O'Neal
85%
Kevin Durant
80%
Karl Malone
77%
Moses Malone
77%
Tim Duncan
76%
John Stockton
75%
Larry Bird
75%
Dwyane Wade
74%
Joe Johnson
70%
Allen Iverson
67%
Russell Westbrook
67%
David Robinson
64%
Kevin Garnett
64%
Dwight Howard
63%
Charles Barkley
62%
Chris Paul
60%
Isiah Thomas
55%
Clyde Drexler
54%
Julius Erving
51%
Kawhi Leonard
38%
Vince Carter
37%
Penny Hardaway
32%
Blake Griffin
30%
Yao Ming
29%
Amar'e Stoudemire
25%
Grant Hill
23%
Dikembe Mutombo
21%
Shawn Kemp
20%
Andrew Bynum
13%
Steve Francis
9%
Sidney Moncrief
8%

Score Distribution

Percentile by Number Answered

Percent of People with Each Score

Your Score History

You have not taken this quiz